| 000 | 00942nam a2200349 a 4500 | ||
|---|---|---|---|
| 003 | AR-BaBNM | ||
| 005 | 20251128203316.0 | ||
| 008 | 082120s2002 ||||||||||||||000 | spa|| | ||
| 020 | _a84-7100-399-6 | ||
| 040 | _cAR-BaBNM | ||
| 100 | 1 | _aMartínez Montávez, Pedro | |
| 245 | 0 | 0 |
_aAl Andalus, España en la literatura Arabe contemporánea _bla casa del pasado |
| 250 | _a1ª ed. | ||
| 260 |
_aMadrid _bMapfre _c1992 |
||
| 300 | _a290 p. | ||
| 490 | 0 |
_aAl-Andalus _vv. 2 |
|
| 500 | _aIndices para consultar p. 285-290. | ||
| 650 | 4 | _aMUSULMANES | |
| 650 | 4 | _aARABES | |
| 650 | 4 | _aCIENCIAS POLITICAS | |
| 650 | 4 | _aSOCIEDAD | |
| 650 | 4 | _aECONOMIA | |
| 650 | 4 | _aCULTURA ARABE | |
| 650 | 4 | _aHISTORIA DE LAS CIENCIAS | |
| 650 | 4 | _aHISTORIA CULTURAL | |
| 650 | 4 | _aHISTORIA DE LAS IDEAS | |
| 651 | 4 | _aEspaña | |
| 651 | 4 | _aAmérica Latina | |
| 800 | 1 |
_aGallego, José Andrés _edirector |
|
| 942 | _cBK | ||
| 998 | _cmariana | ||
| 999 |
_c2823 _d2823 |
||